| 000 | 00654nam a2200229 a 4500 | ||
|---|---|---|---|
| 005 | 20240612064045.0 | ||
| 008 | 140626s2012 mx r 000 0 spa d | ||
| 020 | _a9786077547440 | ||
| 035 | _aUPN01000198380 | ||
| 049 | _aI | ||
| 050 | 4 |
_aBJ1857 C5 _bC3.2 |
|
| 100 | 1 |
_aCarter, Karen _941958 |
|
| 245 | 1 | 0 |
_aDisculpa / _ctextos e il. Karen Carter. |
| 260 |
_aMéxico : _bV & R, _c2012. |
||
| 300 |
_a[12] p. : _bil. col. |
||
| 440 | 0 | _aNo olvides tus buenos modales | |
| 650 | 4 |
_aETIQUETA PARA NIÑOS Y JOVENES _916370 |
|
| 650 | 4 |
_aCortesía _911263 |
|
| 650 | 4 |
_aLibros y lectura para niños _92290 |
|
| 905 | _aInfantil | ||
| 999 |
_c170481 _d170481 |
||